Normal view MARC view
  • Strong, A. Brent

Entry Personal Name

Number of records used in: 2

001 - CONTROL NUMBER

  • control field: 35926

003 - CONTROL NUMBER IDENTIFIER

  • control field: NUST

005 - DATE AND TIME OF LATEST TRANSACTION

  • control field: 20210309151719.0

008 - FIXED-LENGTH DATA ELEMENTS

  • fixed length control field: 210309|| aca||aabn | a|a d

040 ## - CATALOGING SOURCE

  • Original cataloging agency: NUST
  • Transcribing agency: NUST

100 ## - HEADING--PERSONAL NAME

  • Personal name: Strong, A. Brent

670 ## - SOURCE DATA FOUND

  • Source citation: Work cat.: (NUST)31619: Strong, A. Brent., Plastics materials and processing, 2006.
© 2023 Central Library, National University of Sciences and Technology. All Rights Reserved.